<?xml version="1.0" encoding="UTF-8"?>
<record
    xmlns:xsi="http://www.w3.org/2001/XMLSchema-instance"
    xsi:schemaLocation="http://www.loc.gov/MARC21/slim http://www.loc.gov/standards/marcxml/schema/MARC21slim.xsd"
    xmlns="http://www.loc.gov/MARC21/slim">

  <leader>00286nam a2200097Ia 4500</leader>
  <controlfield tag="001">642128</controlfield>
  <controlfield tag="005">20250826153520.0</controlfield>
  <controlfield tag="008">250824s9999    xx            000 0 und d</controlfield>
  <datafield tag="245" ind1=" " ind2="0">
    <subfield code="a">PROFES&#xD6;R K&#x130;P &#x130;LE T&#xDC;RK&#xC7;E 2 TAR&#x130;FS&#x130;Z B&#x130;R ALI&#x15E;VER&#x130;&#x15E;</subfield>
    <subfield code="c">B&#x130;RSEN EK&#x130;M &#xD6;ZEN</subfield>
  </datafield>
  <datafield tag="260" ind1=" " ind2=" ">
    <subfield code="b">T&#x130;MA&#x15E; &#xC7;OCUK</subfield>
  </datafield>
  <datafield tag="999" ind1=" " ind2=" ">
    <subfield code="c">642128</subfield>
    <subfield code="d">642128</subfield>
  </datafield>
  <datafield tag="952" ind1=" " ind2=" ">
    <subfield code="0">0</subfield>
    <subfield code="1">0</subfield>
    <subfield code="4">0</subfield>
    <subfield code="7">0</subfield>
    <subfield code="a">1001</subfield>
    <subfield code="b">1001</subfield>
    <subfield code="d">2025-08-24</subfield>
    <subfield code="l">1</subfield>
    <subfield code="p">10012389</subfield>
    <subfield code="q">2025-10-29</subfield>
    <subfield code="r">2025-10-14 09:27:21</subfield>
    <subfield code="s">2025-10-14</subfield>
    <subfield code="w">2025-08-26</subfield>
    <subfield code="y">BK</subfield>
  </datafield>
</record>
